The Hunger Games : (Record no. 451)

MARC details
000 -LEADER
fixed length control field 01213nam a2200205 a 4500
005 - DATE AND TIME OF LATEST TRANSACTION
control field 20260322212020.0
008 - FIXED-LENGTH DATA ELEMENTS--GENERAL INFORMATION
fixed length control field data
090 ## - LOCALLY ASSIGNED LC-TYPE CALL NUMBER (OCLC); LOCAL CALL NUMBER (RLIN)
Classification number (OCLC) (R) ; Classification number, CALL (RLIN) (NR) DVD 1012
001 - CONTROL NUMBER
control field data
245 04 - TITLE STATEMENT
Title The Hunger Games :
Remainder of title Catching Fire.
Statement of responsibility, etc. edited by Jennifer Lawrence, Liam Hemsworth & Josh Hucherson.
260 ## - PUBLICATION, DISTRIBUTION, ETC.
Place of publication, distribution, etc. Santa Monica, CA :
Name of publisher, distributor, etc. Lionsgate,
Date of publication, distribution, etc. 2013.
300 ## - PHYSICAL DESCRIPTION
Extent DVD video 1 videodisc (approximately 146 min.) : sound, color ;
Other physical details 4 3/4 in.
500 ## - GENERAL NOTE
General note Based on the novel "Catching fire" by Suzanne Collins./ Originally released as a motion picture in 2013./
520 ## - SUMMARY, ETC.
Summary, etc. Katniss Everdeen has returned home safe after winning the 74th Annual Hunger Games along with fellow tribute Peeta Mellark. Winning means that they must turn around and leave their family and close friends, embarking on a Victor's Tour of the districts. Along the way Katniss senses that a rebellion is simmering, but the Capitol is still very much in control as President Snow prepares the 75th Annual Hunger Games, The Quarter Quell, and announces a competition that could change Panem forever.
650 #0 - SUBJECT ADDED ENTRY--TOPICAL TERM
Topical term or geographic name entry element Science fiction films
650 #0 - SUBJECT ADDED ENTRY--TOPICAL TERM
Topical term or geographic name entry element Action and adventure films
700 1# - ADDED ENTRY--PERSONAL NAME
Personal name Lawrence, Jennifer
700 1# - ADDED ENTRY--PERSONAL NAME
Personal name Hemsworth, Liam
700 1# - ADDED ENTRY--PERSONAL NAME
Personal name Hucherson, Josh
Holdings
Withdrawn status Lost status Damaged status Not for loan Home library Current library Shelving location Date acquired Total checkouts Full call number Barcode Date last seen Price effective from Koha item type
        Franklin Franklin General stacks 22/03/2026   GEN BC0010462 22/03/2026 22/03/2026 Books